000 00339nam a2200133Ia 4500
008 220217s9999||||xx |||||||||||||| ||und||
020 _a81-7722-116-7
082 _a005.13 HOL
100 _aHolzner, Steven
245 0 _aC++ programming
260 _aDream tech
_bNew Delhi
_c2001
300 _b399
650 _aPROGRAMMING LANGUAGE
999 _c171875
_d171875